000 00497nam a2200205Ia 4500
003 GCL
008 140319s9999 xx 000 0 eng d
040 _aGCL /
_cGCL
082 0 4 _aCH
_b843
_bH M
100 1 _aHEMMA
245 1 0 _aMUNGO: LE PETIT SINGE DANS LA FORET /
_cHEMMA
260 _a[S.N] :
_bHEMMA
650 0 4 _aLITERATURE
650 0 4 _aCHILDREN
650 0 4 _aFICTION
650 0 4 _aFRENCH FICTION
650 0 4 _aFRENCH LITERATURE
650 0 4 _aCHILDREN - FICTION
942 _2ddc
_cBK
999 _c14652
_d14652